| 000 | 00594nam a2200181 a 4500 | ||
|---|---|---|---|
| 020 | _a9283310470 (casebound) | ||
| 020 | _a9283310489 (limpbound) | ||
| 082 | 0 | 0 |
_a658.723 _bSHA |
| 245 | 0 | 0 |
_aInternational sub-contracting : _ba tool of technology transfer. |
| 260 |
_aTokyo : _bAsian Productivity Organization, _c1978. |
||
| 300 |
_ax, 132 p. ; _c23 cm. |
||
| 526 |
_a0 _b0 _c0 _d658_723000000000000_SHA |
||
| 650 | 0 |
_aMCE _9379 |
|
| 650 | 0 |
_aSubcontracting _zAsia. _943630 |
|
| 650 | 0 |
_aTechnology transfer _zAsia. _943631 |
|
| 710 | 2 |
_aAsian Productivity Organization. _943632 |
|
| 942 |
_2ddc _cBK |
||
| 999 |
_c547434 _d547434 |
||